[Event "V4 OPEN - International Championship of Slovakia 2
[Site "Banska Stiavnica"]
[Date "2013.07.10"]
[Round "5"]
[Board "8"]
[White "Petrik, Tomas"]
[Black "Jarmula, Lukasz"]
[Result "1-0"]
[WhiteElo "2512"]
[BlackElo "2261"]
[PlyCount "0"]
[EventDate "2013.07.06"]
[EventRounds "9"]
[EventCountry "SVK"]

1. e4 {[%clk 1:27:08]} e5 {[%clk 1:30:54]} 2. Nf3 {[%clk 1:27:30]} Nc6
{[%clk 1:31:17]} 3. Bb5 {[%clk 1:27:39]} a6 {[%clk 1:31:40]} 4. Bxc6
{[%clk 1:27:58]} dxc6 {[%clk 1:32:05]} 5. O-O {[%clk 1:28:23]} Bg4
{[%clk 1:32:07]} 6. h3 {[%clk 1:27:02]} h5 {[%clk 1:31:46]} 7. d3
{[%clk 1:27:24]} Qf6 {[%clk 1:31:42]} 8. Nbd2 {[%clk 1:26:51]} Ne7
{[%clk 1:31:55]} 9. Re1 {[%clk 1:26:16]} Ng6 {[%clk 1:31:47]} 10. d4
{[%clk 1:26:08]} Nf4 {[%clk 1:31:30]} 11. dxe5 {[%clk 1:20:29]} Qg6
{[%clk 1:31:39]} 12. Nh4 {[%clk 1:20:49]} Bxd1 {[%clk 1:31:50]} 13. Nxg6
{[%clk 1:21:15]} Nxg6 {[%clk 1:32:10]} 14. Rxd1 {[%clk 1:21:40]} O-O-O
{[%clk 1:32:13]} 15. Re1 {[%clk 1:21:23]} Nxe5 {[%clk 1:32:01]} 16. Nf3
{[%clk 1:21:28]} Nxf3+ {[%clk 1:31:19]} 17. gxf3 {[%clk 1:21:31]} Bc5 18. Bf4
{[%clk 0:38:28]} g5 {[%clk 0:51:02]} 19. Be5 {[%clk 0:38:08]} Rh6
{[%clk 0:48:46]} 20. Rad1 {[%clk 0:35:13]} Re8 {[%clk 0:38:38]} 21. Bd4
{[%clk 0:21:42]} Bb4 {[%clk 0:32:44]} 22. c3 {[%clk 0:17:47]} Bd6
{[%clk 0:32:55]} 23. Kg2 {[%clk 0:17:19]} Rhe6 {[%clk 0:30:18]} 24. Be3
{[%clk 0:13:42]} Bf4 {[%clk 0:28:36]} 25. Rd4 {[%clk 0:07:16]} Re5
{[%clk 0:25:01]} 26. Bxf4 {[%clk 0:03:36]} gxf4 {[%clk 0:25:24]} 27. Red1
{[%clk 0:04:02]} Rg8+ {[%clk 0:22:19]} 28. Kf1 {[%clk 0:04:13]} Reg5
{[%clk 0:22:23]} 29. Ke2 {[%clk 0:03:52]} f6 {[%clk 0:17:02]} 30. Rd7
{[%clk 0:01:45]} R5g7 {[%clk 0:16:47]} 31. Rxg7 {[%clk 0:02:12]} Rxg7
{[%clk 0:17:09]} 32. h4 {[%clk 0:02:40]} b6 {[%clk 0:10:43]} 33. b4
{[%clk 0:01:52]} Rg8 {[%clk 0:09:30]} 34. c4 {[%clk 0:02:03]} Rd8
{[%clk 0:05:51]} 35. Rg1 {[%clk 0:00:51]} Rd4 {[%clk 0:06:08]} 36. a3
{[%clk 0:01:00]} c5 {[%clk 0:04:17]} 37. bxc5 {[%clk 0:00:56]} bxc5
{[%clk 0:04:41]} 38. Rg6 {[%clk 0:01:08]} Rxc4 {[%clk 0:04:00]} 39. Rxf6
{[%clk 0:01:32]} Ra4 {[%clk 0:02:17]} 40. Rxf4 Rxa3 {[%clk 0:02:12]} 41. Rf5
{[%clk 0:07:09]} Ra2+ {[%clk 0:14:17]} 42. Ke3 {[%clk 0:07:29]} c4
{[%clk 0:14:27]} 43. Rxh5 {[%clk 0:05:56]} c3 {[%clk 0:14:25]} 44. Rc5
{[%clk 0:06:09]} c2 {[%clk 0:13:34]} 45. h5 {[%clk 0:05:16]} Ra5 {[%clk 0:13:17]}
46. Rxc2 {[%clk 0:05:37]} Rxh5 {[%clk 0:13:40]} 47. f4 {[%clk 0:05:59]} Kd7
{[%clk 0:13:09]} 48. f5 {[%clk 0:06:01]} Kd6 {[%clk 0:12:34]} 49. f4
{[%clk 0:04:41]} Rh3+ {[%clk 0:09:27]} 50. Kd4 {[%clk 0:04:43]} Rb3
{[%clk 0:09:41]} 51. e5+ {[%clk 0:04:38]} Kd7 {[%clk 0:10:07]} 52. f6
{[%clk 0:04:44]} Rb4+ {[%clk 0:10:11]} 53. Rc4 {[%clk 0:02:30]} Rb8
{[%clk 0:08:02]} 54. f5 {[%clk 0:02:20]} a5 {[%clk 0:07:49]} 55. e6+
{[%clk 0:01:27]} Kd6 {[%clk 0:08:10]} 56. f7 {[%clk 0:01:42]} Rc8
{[%clk 0:08:03]} 57. Rxc7 {[%clk 0:01:02]} 1-0

[Event "V4 OPEN - International Championship of Slovakia 2
[Site "Banska Stiavnica"]
[Date "2013.07.10"]
[Round "5"]
[Board "9"]
[White "Plachetka, Jan"]
[Black "Cernousek, Lukas"]
[Result "1/2-1/2"]
[WhiteElo "2355"]
[BlackElo "2454"]
[PlyCount "0"]
[EventDate "2013.07.06"]
[EventRounds "9"]
[EventCountry "SVK"]

1. Nf3 {[%clk 1:23:22]} Nf6 {[%clk 1:30:54]} 2. c4 {[%clk 1:23:28]} g6
{[%clk 1:31:18]} 3. Nc3 {[%clk 1:23:31]} d5 {[%clk 1:31:42]} 4. cxd5
{[%clk 1:23:45]} Nxd5 {[%clk 1:32:07]} 5. e4 {[%clk 1:22:51]} Nxc3
{[%clk 1:32:30]} 6. dxc3 {[%clk 1:23:15]} Qxd1+ {[%clk 1:32:54]} 7. Kxd1
{[%clk 1:23:43]} Nd7 {[%clk 1:33:01]} 8. Bc4 {[%clk 1:22:05]} Bg7
{[%clk 1:17:28]} 9. Bf4 {[%clk 1:21:37]} Nc5 {[%clk 1:17:52]} 10. Re1
{[%clk 1:19:50]} Be6 {[%clk 1:18:00]} 11. Bxe6 {[%clk 1:19:05]} Nxe6
{[%clk 1:17:34]} 12. Be3 {[%clk 1:19:23]} O-O-O+ {[%clk 1:02:13]} 13. Kc2
{[%clk 1:18:07]} Rd6 {[%clk 0:59:28]} 14. a4 {[%clk 1:17:32]} a6 {[%clk 0:55:05]}
15. Nd2 {[%clk 1:13:02]} Rc6 {[%clk 0:53:24]} 16. Nb3 {[%clk 1:05:57]} b6
{[%clk 0:50:33]} 17. Red1 {[%clk 1:04:32]} Rd8 {[%clk 0:42:32]} 18. Rd5
{[%clk 1:01:54]} Rcd6 {[%clk 0:41:05]} 19. Rad1 {[%clk 1:00:41]} Kb7
{[%clk 0:38:31]} 20. a5 {[%clk 0:53:53]} b5 {[%clk 0:37:31]} 21. Nc5+
{[%clk 0:41:25]} Nxc5 {[%clk 0:37:55]} 22. Bxc5 {[%clk 0:41:53]} Rxd5
{[%clk 0:38:16]} 23. Rxd5 {[%clk 0:41:51]} Rxd5 {[%clk 0:36:23]} 24. exd5
{[%clk 0:42:19]} Bf6 {[%clk 0:33:42]} 25. Kd3 {[%clk 0:39:00]} c6
{[%clk 0:34:02]} 26. Ke4 {[%clk 0:37:05]} Kc7 {[%clk 0:32:08]} 27. dxc6
{[%clk 0:25:17]} Kxc6 {[%clk 0:32:15]} 28. Bd4 {[%clk 0:24:12]} Bg5
{[%clk 0:17:16]} 29. Be3 {[%clk 0:21:27]} Bf6 {[%clk 0:05:51]} 30. Bd4
{[%clk 0:21:34]} Bg5 {[%clk 0:06:07]} 31. Be3 {[%clk 0:21:59]} Bf6
{[%clk 0:03:11]} 1/2-1/2

[Event "V4 OPEN - International Championship of Slovakia 2
[Site "Banska Stiavnica"]
[Date "2013.07.10"]
[Round "5"]
[Board "10"]
[White "Aczel, Gergely"]
[Black "Zvarik, Martin"]
[Result "1-0"]
[WhiteElo "2451"]
[BlackElo "2235"]
[PlyCount "0"]
[EventDate "2013.07.06"]
[EventRounds "9"]
[EventCountry "SVK"]

1. d4 {[%clk 1:30:56]} Nf6 {[%clk 1:01:35]} 2. c4 {[%clk 1:31:18]} e5
{[%clk 1:02:02]} 3. dxe5 {[%clk 1:31:41]} Ng4 {[%clk 1:02:28]} 4. Nf3
{[%clk 1:32:04]} Bc5 {[%clk 1:02:53]} 5. e3 {[%clk 1:32:24]} Nc6 {[%clk 1:03:18]}
6. Nc3 {[%clk 1:32:40]} Ncxe5 {[%clk 1:02:00]} 7. Nxe5 {[%clk 1:31:27]} Nxe5
{[%clk 1:02:29]} 8. f4 {[%clk 1:30:10]} Ng6 {[%clk 0:59:52]} 9. Bd3
{[%clk 1:30:07]} O-O {[%clk 0:55:46]} 10. O-O {[%clk 1:28:38]} a5
{[%clk 0:50:42]} 11. Ne4 {[%clk 1:25:55]} Be7 {[%clk 0:48:31]} 12. Bc2
{[%clk 1:23:19]} Ra6 {[%clk 0:47:35]} 13. Qh5 {[%clk 1:12:57]} f5
{[%clk 0:40:42]} 14. Nc3 {[%clk 1:05:27]} Nh4 {[%clk 0:39:56]} 15. g3
{[%clk 1:03:29]} Rg6 {[%clk 0:33:26]} 16. Kh1 {[%clk 1:02:27]} b5
{[%clk 0:31:23]} 17. Qe2 {[%clk 0:47:22]} Bb7+ {[%clk 0:31:06]} 18. e4
{[%clk 0:46:40]} fxe4 {[%clk 0:29:01]} 19. gxh4 {[%clk 0:46:53]} e3+
{[%clk 0:28:04]} 20. Be4 {[%clk 0:46:54]} Qa8 {[%clk 0:27:36]} 21. Nd5
{[%clk 0:36:41]} bxc4 {[%clk 0:25:54]} 22. Nxe7+ {[%clk 0:21:28]} Kf7
{[%clk 0:25:41]} 23. Nxg6 {[%clk 0:21:55]} Bxe4+ {[%clk 0:24:41]} 24. Kg1
{[%clk 0:22:09]} hxg6 {[%clk 0:23:27]} 25. Bxe3 {[%clk 0:20:22]} Bd3
{[%clk 0:23:13]} 26. Qg2 {[%clk 0:18:43]} Bxf1 {[%clk 0:23:03]} 27. Qxa8
{[%clk 0:18:40]} Rxa8 {[%clk 0:23:28]} 28. Kxf1 {[%clk 0:18:39]} Rh8
{[%clk 0:21:48]} 29. Bf2 {[%clk 0:17:35]} Rb8 {[%clk 0:22:02]} 30. Bd4
{[%clk 0:14:05]} Rh8 {[%clk 0:19:37]} 31. Kf2 {[%clk 0:14:06]} Rxh4
{[%clk 0:19:54]} 32. Kg3 {[%clk 0:14:32]} g5 {[%clk 0:20:09]} 33. Bc3
{[%clk 0:11:38]} Rxf4 {[%clk 0:20:16]} 34. Bxa5 {[%clk 0:12:04]} c6
{[%clk 0:20:15]} 35. a4 {[%clk 0:11:38]} d5 {[%clk 0:20:17]} 36. Bc7
{[%clk 0:11:13]} 1-0

[Event "V4 OPEN - International Championship of Slovakia 2
[Site "Banska Stiavnica"]
[Date "2013.07.10"]
[Round "5"]
[Board "11"]
[White "Nemeth, Denes"]
[Black "Nagy, Gabor"]
[Result "0-1"]
[WhiteElo "2257"]
[BlackElo "2449"]
[PlyCount "0"]
[EventDate "2013.07.06"]
[EventRounds "9"]
[EventCountry "SVK"]

1. Nf3 {[%clk 1:27:26]} Nf6 {[%clk 1:30:43]} 2. g3 {[%clk 1:27:48]} d5
{[%clk 1:30:53]} 3. Bg2 {[%clk 1:28:09]} e6 {[%clk 1:30:48]} 4. O-O
{[%clk 1:28:30]} Be7 {[%clk 1:29:40]} 5. d3 {[%clk 1:27:03]} c5 {[%clk 1:29:59]}
6. c4 {[%clk 1:27:03]} O-O {[%clk 1:29:51]} 7. Nc3 {[%clk 1:22:29]} d4
{[%clk 1:27:27]} 8. Ne4 {[%clk 1:20:29]} Ne8 {[%clk 1:25:14]} 9. Qb3
{[%clk 1:13:50]} Nc6 {[%clk 1:22:50]} 10. e3 {[%clk 1:09:33]} e5 {[%clk 1:22:48]}
11. exd4 {[%clk 1:09:41]} cxd4 12. Re1 {[%clk 1:09:11]} Nc7 {[%clk 1:22:59]} 13.
Qc2 {[%clk 1:03:40]} f5 {[%clk 1:19:50]} 14. Ned2 {[%clk 1:01:09]} Bf6
{[%clk 1:18:33]} 15. c5 {[%clk 0:57:52]} Be6 {[%clk 1:17:22]} 16. Nc4
{[%clk 0:55:55]} e4 {[%clk 1:15:57]} 17. dxe4 {[%clk 0:53:29]} d3
{[%clk 1:15:17]} 18. Qa4 {[%clk 0:52:08]} fxe4 {[%clk 1:08:09]} 19. Rxe4
{[%clk 0:48:56]} Bd5 {[%clk 1:07:55]} 20. Re1 {[%clk 0:43:39]} b5
{[%clk 1:07:57]} 21. cxb6 {[%clk 0:42:45]} axb6 {[%clk 1:08:18]} 22. Qb3
{[%clk 0:42:42]} b5 {[%clk 1:08:31]} 23. Qxd3 {[%clk 0:42:33]} Bxc4
{[%clk 1:08:37]} 24. Qe4 {[%clk 0:41:16]} Bd5 {[%clk 1:08:45]} 25. Qg4
{[%clk 0:41:31]} Qc8 {[%clk 1:08:07]} 26. Qh5 {[%clk 0:41:19]} g6
{[%clk 1:08:18]} 27. Qh6 {[%clk 0:41:28]} Bg7 {[%clk 1:08:37]} 28. Qe3
{[%clk 0:41:35]} Qf5 {[%clk 1:08:13]} 29. Nh4 {[%clk 0:40:24]} Qf7
{[%clk 1:08:35]} 30. Rd1 {[%clk 0:38:47]} Bxg2 {[%clk 1:08:52]} 31. Nxg2
{[%clk 0:39:12]} Bd4 {[%clk 1:08:30]} 32. Rxd4 {[%clk 0:39:21]} Nxd4
{[%clk 1:08:54]} 33. Qxd4 {[%clk 0:39:47]} Rad8 {[%clk 1:09:17]} 34. Qe3
{[%clk 0:39:19]} Rd1+ {[%clk 1:09:41]} 35. Ne1 {[%clk 0:39:44]} Re8
{[%clk 1:10:07]} 0-1

[Event "V4 OPEN - International Championship of Slovakia 2
[Site "Banska Stiavnica"]
[Date "2013.07.10"]
[Round "5"]
[Board "12"]
[White "Peterson, Eric"]
[Black "Gledura, Benjamin"]
[Result "1-0"]
[WhiteElo "2239"]
[BlackElo "2421"]
[PlyCount "0"]
[EventDate "2013.07.06"]
[EventRounds "9"]
[EventCountry "SVK"]

1. e4 {[%clk 1:30:57]} c5 {[%clk 1:30:53]} 2. d4 {[%clk 1:31:10]} cxd4
{[%clk 1:31:11]} 3. c3 {[%clk 1:31:33]} dxc3 {[%clk 1:31:21]} 4. Nxc3
{[%clk 1:31:56]} Nc6 {[%clk 1:31:12]} 5. Nf3 {[%clk 1:32:12]} d6 {[%clk 1:30:48]}
6. Bc4 {[%clk 1:32:33]} a6 {[%clk 1:31:00]} 7. e5 {[%clk 1:31:12]} dxe5
{[%clk 1:18:16]} 8. Qxd8+ {[%clk 1:30:57]} Nxd8 {[%clk 1:17:38]} 9. Nd5
{[%clk 1:30:13]} Ne6 {[%clk 1:08:51]} 10. Nb6 {[%clk 1:30:06]} Rb8
{[%clk 1:08:13]} 11. Nxe5 {[%clk 1:30:11]} f6 {[%clk 1:01:51]} 12. Nf7
{[%clk 1:29:52]} Nd4 {[%clk 0:58:39]} 13. Nxh8 {[%clk 1:15:14]} Nc2+
{[%clk 0:59:04]} 14. Ke2 {[%clk 1:14:58]} 1-0

[Event "V4 OPEN - International Championship of Slovakia 2
[Site "Banska Stiavnica"]
[Date "2013.07.10"]
[Round "5"]
[Board "13"]
[White "Manik, Mikulas"]
[Black "Zatko, Gregor"]
[Result "1/2-1/2"]
[WhiteElo "2412"]
[BlackElo "2158"]
[PlyCount "0"]
[EventDate "2013.07.06"]
[EventRounds "9"]
[EventCountry "SVK"]

1. e4 {[%clk 1:30:57]} e5 {[%clk 1:30:50]} 2. Nf3 {[%clk 1:31:03]} Nc6
{[%clk 1:31:05]} 3. d4 {[%clk 1:30:49]} exd4 {[%clk 1:31:21]} 4. Nxd4
{[%clk 1:31:14]} Bc5 {[%clk 1:31:29]} 5. Nb3 {[%clk 1:31:23]} Bb6
{[%clk 1:31:42]} 6. Nc3 {[%clk 1:31:04]} Qf6 {[%clk 1:29:46]} 7. Qe2
{[%clk 1:24:35]} Nge7 {[%clk 1:29:07]} 8. Be3 {[%clk 1:22:31]} Bxe3
{[%clk 1:25:48]} 9. Qxe3 {[%clk 1:22:43]} a6 {[%clk 1:25:09]} 10. f4
{[%clk 1:21:00]} d6 {[%clk 1:23:53]} 11. O-O-O {[%clk 1:20:38]} O-O
{[%clk 1:21:26]} 12. g3 b5 {[%clk 1:15:13]} 13. Bg2 {[%clk 1:14:25]} Rb8
{[%clk 1:13:26]} 14. Rhe1 {[%clk 1:12:51]} Re8 {[%clk 0:59:56]} 15. Qf2
{[%clk 1:06:06]} b4 {[%clk 0:51:34]} 16. Nd5 {[%clk 0:58:04]} Nxd5
{[%clk 0:51:42]} 17. exd5 {[%clk 0:58:19]} Ne7 {[%clk 0:50:57]} 18. h3
{[%clk 0:57:14]} Bd7 {[%clk 0:45:08]} 19. Kb1 {[%clk 0:46:27]} Nc8
{[%clk 0:40:22]} 20. Rxe8+ {[%clk 0:42:43]} Bxe8 {[%clk 0:40:49]} 21. Rd4
{[%clk 0:40:11]} Ne7 {[%clk 0:32:57]} 22. Rc4 {[%clk 0:28:06]} Rb7
{[%clk 0:28:46]} 23. g4 {[%clk 0:25:00]} Ng6 {[%clk 0:26:43]} 24. g5
{[%clk 0:22:08]} Qd8 {[%clk 0:26:28]} 25. h4 {[%clk 0:21:41]} Bd7
{[%clk 0:25:57]} 26. Qe1 {[%clk 0:13:59]} Qb8 {[%clk 0:21:44]} 27. h5
{[%clk 0:12:51]} Nf8 {[%clk 0:22:11]} 28. Qe3 {[%clk 0:06:35]} Rb5
{[%clk 0:17:00]} 29. h6 {[%clk 0:05:35]} Qb6 {[%clk 0:13:04]} 30. Rd4
{[%clk 0:03:16]} c5 {[%clk 0:10:58]} 31. dxc6 {[%clk 0:02:54]} Bxc6
{[%clk 0:11:20]} 32. Bxc6 {[%clk 0:02:24]} Qxc6 {[%clk 0:11:38]} 33. hxg7
{[%clk 0:02:40]} Kxg7 {[%clk 0:10:30]} 34. Rd1 {[%clk 0:01:27]} Ne6
{[%clk 0:04:20]} 35. Nd4 {[%clk 0:00:53]} Rd5 {[%clk 0:04:10]} 36. Nxe6+
{[%clk 0:00:59]} fxe6 {[%clk 0:04:29]} 37. Rc1 {[%clk 0:01:19]} Qd7
{[%clk 0:03:57]} 38. Qe4 {[%clk 0:01:05]} a5 {[%clk 0:03:36]} 39. Rh1
{[%clk 0:00:58]} Rf5 {[%clk 0:03:32]} 40. b3 {[%clk 0:00:49]} Qf7
{[%clk 0:02:41]} 41. Qd4+ {[%clk 0:23:15]} e5 {[%clk 0:31:32]} 42. Qxd6
{[%clk 0:23:30]} exf4 {[%clk 0:30:35]} 43. Qd4+ {[%clk 0:22:37]} Kg6
{[%clk 0:28:28]} 44. Qd6+ {[%clk 0:13:57]} Kg7 {[%clk 0:24:41]} 45. Qd4+
{[%clk 0:12:31]} Kg6 {[%clk 0:25:05]} 46. Rh6+ {[%clk 0:10:36]} Kxg5
{[%clk 0:25:14]} 47. Rh1 {[%clk 0:10:52]} h5 {[%clk 0:18:53]} 48. Rg1+
{[%clk 0:05:26]} Kh6 {[%clk 0:18:14]} 49. Qh8+ {[%clk 0:04:17]} Qh7
{[%clk 0:18:37]} 50. Qd8 {[%clk 0:04:05]} Qf7 {[%clk 0:16:47]} 51. Qh8+
{[%clk 0:02:07]} Qh7 {[%clk 0:17:10]} 52. Qd8 {[%clk 0:02:01]} 1/2-1/2

[Event "V4 OPEN - International Championship of Slovakia 2
[Site "Banska Stiavnica"]
[Date "2013.07.10"]
[Round "5"]
[Board "14"]
[White "Nayhebaver, Martin"]
[Black "Macak, Stefan"]
[Result "1/2-1/2"]
[WhiteElo "2228"]
[BlackElo "2374"]
[PlyCount "0"]
[EventDate "2013.07.06"]
[EventRounds "9"]
[EventCountry "SVK"]

1. e4 {[%clk 1:30:56]} Nc6 {[%clk 1:30:15]} 2. Nf3 {[%clk 1:31:14]} e6
{[%clk 1:30:06]} 3. d4 {[%clk 1:30:38]} d5 {[%clk 1:30:04]} 4. e5
{[%clk 1:24:29]} Nge7 {[%clk 1:30:26]} 5. c3 {[%clk 1:21:43]} Nf5
{[%clk 1:25:50]} 6. Bd3 {[%clk 1:20:56]} Be7 {[%clk 1:24:09]} 7. O-O
{[%clk 1:20:03]} O-O {[%clk 1:22:01]} 8. Re1 {[%clk 1:17:09]} a5 {[%clk 1:18:39]}
9. Nbd2 {[%clk 1:15:51]} b6 {[%clk 1:18:24]} 10. Nf1 {[%clk 1:12:10]} Ba6
{[%clk 1:17:10]} 11. Bc2 {[%clk 1:12:17]} Rc8 {[%clk 0:58:03]} 12. Ng3
{[%clk 1:03:10]} Nxg3 {[%clk 0:46:36]} 13. hxg3 {[%clk 1:03:24]} Nb8
{[%clk 0:45:33]} 14. Be3 {[%clk 0:55:38]} c5 {[%clk 0:44:54]} 15. a3
{[%clk 0:55:55]} Nc6 {[%clk 0:43:28]} 16. Rc1 {[%clk 0:55:19]} cxd4
{[%clk 0:37:14]} 17. cxd4 {[%clk 0:52:55]} Rc7 {[%clk 0:35:26]} 18. Nh2
{[%clk 0:47:39]} g6 {[%clk 0:32:16]} 19. Qd2 {[%clk 0:39:49]} Nb8
{[%clk 0:26:57]} 20. Nf3 {[%clk 0:35:27]} Nd7 {[%clk 0:26:23]} 21. Bg5
{[%clk 0:32:57]} Re8 {[%clk 0:20:50]} 22. Bxe7 {[%clk 0:31:04]} Rxe7
{[%clk 0:17:48]} 23. Nh2 {[%clk 0:29:37]} Rc8 {[%clk 0:14:30]} 24. Ng4
{[%clk 0:26:33]} h5 {[%clk 0:13:52]} 25. Nh2 {[%clk 0:26:17]} Nf8
{[%clk 0:09:26]} 26. g4 {[%clk 0:25:18]} Rec7 {[%clk 0:06:41]} 27. gxh5
{[%clk 0:24:12]} gxh5 {[%clk 0:06:46]} 28. Bb1 {[%clk 0:19:36]} Rxc1
{[%clk 0:03:18]} 29. Rxc1 {[%clk 0:20:01]} Rxc1+ {[%clk 0:03:45]} 30. Qxc1
{[%clk 0:20:26]} Kg7 {[%clk 0:01:27]} 31. Nf3 {[%clk 0:18:43]} Ng6
{[%clk 0:00:46]} 32. Qe3 {[%clk 0:17:53]} Bc4 {[%clk 0:00:37]} 33. Ng5
{[%clk 0:17:20]} Qe7 {[%clk 0:00:49]} 34. Bc2 {[%clk 0:14:56]} Bb5
{[%clk 0:01:11]} 35. Bd1 {[%clk 0:13:57]} h4 {[%clk 0:01:08]} 36. Bc2
{[%clk 0:13:37]} Bd7 {[%clk 0:00:56]} 37. Bxg6 {[%clk 0:11:57]} Kxg6
{[%clk 0:01:26]} 38. Nf3 {[%clk 0:12:05]} Ba4 {[%clk 0:00:39]} 39. Qf4
{[%clk 0:11:30]} Kh5 {[%clk 0:01:02]} 40. Nh2 {[%clk 0:05:59]} Bd1
{[%clk 0:00:37]} 41. f3 {[%clk 0:05:59]} Kg6 {[%clk 0:29:21]} 42. Qc1
{[%clk 0:36:03]} Ba4 {[%clk 0:23:26]} 43. b3 {[%clk 0:26:29]} Bb5
{[%clk 0:23:02]} 44. Qc2+ {[%clk 0:24:39]} Kg7 {[%clk 0:22:04]} 45. Ng4
{[%clk 0:21:36]} Qg5 {[%clk 0:13:37]} 46. Qf2 {[%clk 0:11:44]} Bd3
{[%clk 0:12:22]} 47. Kh2 {[%clk 0:10:26]} Bf5 {[%clk 0:10:33]} 48. Kh3
{[%clk 0:09:46]} Bxg4+ {[%clk 0:09:44]} 49. fxg4 {[%clk 0:10:14]} Kf8
{[%clk 0:09:29]} 50. Qxh4 {[%clk 0:09:22]} Qe3+ {[%clk 0:09:43]} 51. g3
{[%clk 0:09:13]} Qxd4 {[%clk 0:09:46]} 52. Qd8+ {[%clk 0:09:34]} 1/2-1/2

[Event "V4 OPEN - International Championship of Slovakia 2
[Site "Banska Stiavnica"]
[Date "2013.07.10"]
[Round "5"]
[Board "15"]
[White "Kleman, Miroslav"]
[Black "Lanc, Alois"]
[Result "0-1"]
[WhiteElo "2207"]
[BlackElo "2369"]
[PlyCount "0"]
[EventDate "2013.07.06"]
[EventRounds "9"]
[EventCountry "SVK"]

1. g3 {[%clk 1:30:48]} c5 {[%clk 1:30:51]} 2. Bg2 {[%clk 1:30:05]} Nc6
{[%clk 1:31:14]} 3. c4 {[%clk 1:29:47]} g6 {[%clk 1:31:09]} 4. Nc3
{[%clk 1:29:58]} Bg7 {[%clk 1:31:35]} 5. e3 {[%clk 1:29:39]} d6 {[%clk 1:31:51]}
6. Nge2 {[%clk 1:29:58]} h5 {[%clk 1:30:28]} 7. h3 {[%clk 1:27:48]} Nh6
{[%clk 1:27:58]} 8. b3 {[%clk 1:19:12]} Bd7 {[%clk 1:25:25]} 9. Bb2
{[%clk 1:19:22]} Nf5 {[%clk 1:20:10]} 10. Rb1 {[%clk 1:17:53]} a6
{[%clk 1:15:11]} 11. O-O {[%clk 1:12:43]} Rb8 {[%clk 1:13:58]} 12. Ne4
{[%clk 1:10:26]} Bxb2 {[%clk 1:09:26]} 13. Rxb2 {[%clk 1:10:50]} b5
{[%clk 1:08:25]} 14. d3 {[%clk 1:00:38]} bxc4 {[%clk 0:59:56]} 15. dxc4
{[%clk 1:01:03]} Qc8 {[%clk 0:59:11]} 16. Rd2 {[%clk 0:58:10]} Ne5
{[%clk 0:54:46]} 17. Nf4 {[%clk 0:52:16]} f6 {[%clk 0:47:00]} 18. Nd5
{[%clk 0:48:12]} Kf8 {[%clk 0:44:52]} 19. f4 {[%clk 0:43:47]} Nf7
{[%clk 0:44:22]} 20. Qa1 {[%clk 0:40:51]} Bc6 {[%clk 0:39:57]} 21. Nxe7
{[%clk 0:37:04]} Nxe7 {[%clk 0:36:55]} 22. Nxd6 {[%clk 0:30:57]} Qe6
{[%clk 0:33:22]} 23. Nxf7 {[%clk 0:30:17]} Kxf7 {[%clk 0:31:10]} 24. e4
{[%clk 0:25:15]} Rhd8 {[%clk 0:29:42]} 25. Re2 {[%clk 0:24:23]} Rd3
{[%clk 0:26:47]} 26. Kh2 {[%clk 0:24:27]} Nf5 {[%clk 0:21:58]} 27. Rd1
{[%clk 0:21:59]} Nxg3 {[%clk 0:18:35]} 28. Rxd3 {[%clk 0:22:05]} Nxe2
{[%clk 0:18:53]} 29. f5 {[%clk 0:21:45]} Qe5+ {[%clk 0:15:59]} 30. Qxe5
{[%clk 0:22:10]} fxe5 {[%clk 0:16:19]} 31. Rd6 {[%clk 0:22:08]} Rc8
{[%clk 0:14:46]} 32. Rxg6 {[%clk 0:21:48]} Nf4 {[%clk 0:12:21]} 33. Rh6
{[%clk 0:20:04]} Kg7 {[%clk 0:10:16]} 34. Rd6 {[%clk 0:20:28]} Nxg2
{[%clk 0:10:35]} 35. Rg6+ {[%clk 0:19:52]} Kf7 {[%clk 0:10:58]} 36. Rxg2
{[%clk 0:20:21]} Bxe4 {[%clk 0:10:58]} 37. Re2 {[%clk 0:20:46]} Bxf5
{[%clk 0:10:29]} 38. Rxe5 {[%clk 0:21:12]} Kf6 {[%clk 0:10:51]} 39. Rd5
{[%clk 0:21:28]} h4 {[%clk 0:10:05]} 40. Rd6+ {[%clk 0:21:46]} Kg5
{[%clk 0:10:23]} 41. Rxa6 {[%clk 0:22:05]} Rd8 {[%clk 0:10:34]} 42. Rc6
{[%clk 0:21:34]} Rd2+ {[%clk 0:09:57]} 43. Kg1 {[%clk 0:22:03]} Bxh3
{[%clk 0:09:32]} 44. Rxc5+ {[%clk 0:22:27]} Kf4 {[%clk 0:09:31]} 45. Rd5
{[%clk 0:19:31]} Rxd5 {[%clk 0:07:53]} 46. cxd5 {[%clk 0:19:55]} 0-1

[Event "V4 OPEN - International Championship of Slovakia 2
[Site "Banska Stiavnica"]
[Date "2013.07.10"]
[Round "5"]
[Board "16"]
[White "Pinter, Erik"]
[Black "Bombek, Peter"]
[Result "1/2-1/2"]
[WhiteElo "2364"]
[BlackElo "2227"]
[PlyCount "0"]
[EventDate "2013.07.06"]
[EventRounds "9"]
[EventCountry "SVK"]

1. e4 {[%clk 1:27:27]} e5 {[%clk 1:30:43]} 2. Nf3 {[%clk 1:26:58]} Nf6
{[%clk 1:31:08]} 3. Nxe5 {[%clk 1:26:09]} d6 {[%clk 1:31:32]} 4. Nf3
{[%clk 1:26:13]} Nxe4 {[%clk 1:31:57]} 5. Nc3 {[%clk 1:26:37]} Nxc3
{[%clk 1:32:19]} 6. dxc3 {[%clk 1:27:02]} Be7 {[%clk 1:32:45]} 7. Bf4
{[%clk 1:24:37]} Nc6 {[%clk 1:32:13]} 8. Qd2 {[%clk 1:23:55]} Be6
{[%clk 1:32:06]} 9. O-O-O {[%clk 1:17:25]} Qd7 {[%clk 1:31:18]} 10. Kb1
{[%clk 1:17:14]} a6 {[%clk 1:31:13]} 11. Bg5 {[%clk 1:06:31]} O-O-O
{[%clk 1:23:44]} 12. Bxe7 {[%clk 1:04:51]} Qxe7 {[%clk 1:21:24]} 13. Qf4
{[%clk 1:05:04]} h6 {[%clk 1:13:27]} 14. h4 {[%clk 0:57:52]} g5 {[%clk 1:08:12]}
15. Qa4 {[%clk 0:57:56]} g4 {[%clk 1:07:04]} 16. Ne1 {[%clk 0:48:40]} Ne5
{[%clk 1:03:44]} 17. Nd3 {[%clk 0:43:01]} Bd7 {[%clk 0:56:38]} 18. Qd4
{[%clk 0:33:31]} Kb8 {[%clk 0:51:27]} 19. Nf4 {[%clk 0:30:48]} Rde8
{[%clk 0:45:19]} 20. Nd5 {[%clk 0:26:50]} Qe6 {[%clk 0:36:46]} 21. Qb4
{[%clk 0:20:42]} Nc6 {[%clk 0:33:47]} 22. Qf4 {[%clk 0:19:27]} Qf5
{[%clk 0:32:17]} 23. Qxf5 {[%clk 0:17:03]} Bxf5 {[%clk 0:31:49]} 24. Ne3
{[%clk 0:16:10]} Bd7 {[%clk 0:30:50]} 25. g3 {[%clk 0:16:02]} f5 {[%clk 0:27:05]}
26. Bg2 {[%clk 0:10:08]} f4 {[%clk 0:19:16]} 27. gxf4 {[%clk 0:09:59]} Rhf8
{[%clk 0:16:35]} 28. Rhf1 {[%clk 0:04:50]} Rxf4 {[%clk 0:16:31]} 29. Nd5
{[%clk 0:04:57]} Rf7 {[%clk 0:14:33]} 30. f3 {[%clk 0:05:22]} Ref8
{[%clk 0:09:13]} 31. fxg4 {[%clk 0:04:55]} Bxg4 {[%clk 0:08:57]} 32. Rxf7
{[%clk 0:04:53]} Rxf7 {[%clk 0:09:21]} 33. Rf1 {[%clk 0:04:29]} Rxf1+
{[%clk 0:06:56]} 34. Bxf1 {[%clk 0:04:52]} Ne5 {[%clk 0:07:03]} 35. Kc1
{[%clk 0:03:32]} Bf3 {[%clk 0:06:15]} 36. Nf4 {[%clk 0:03:06]} Bg4
{[%clk 0:05:29]} 1/2-1/2